PHRASAL VERBS - Estadísticas

Estadísticas generales
  • Esta prueba ha sido intentada 39 veces
  • La puntuación promedio es 87 de 419
Estadísticas de respuestas
SIGNIFICADO PHRASAL VERB % Correcto
Apagar (la luz), cerrar (una llave)/no sentir atracción TURN OFF
80%
Caer enfermo COME DOWN WITH
40%
Contactar FOLLOW UP
40%
Volver, recuperar GET BACK
40%
Darse prisa HURRY ALONG
40%
Decepcionar a alguien LET DOWN
40%
Mirar LOOK AT
40%
Señalar a lo lejos POINT AWAY
40%
Incorporarse, sentarse erguido SIT UP
40%
Separar (rasgando) TEAR OFF
40%
Tirar hacia adentro THROW IN
40%
Convertirse TURN INTO
40%
Fabricar rapidamente WHIP UP
40%
totalizar ADD UP
20%
alcanzar un total ADD UP TO
20%
contestar de malos modos ANSWER BACK
20%
responder de ANSWER FOR
20%
preguntar por (un asunto) ASK ABOUT
20%
preguntar por la salud ASK AFTER
20%
invitar a volver ASK BACK
20%
invitar a bajar ASK DOWN
20%
pedir, preguntar por ASK FOR
20%
invitar a entrar ASK IN
20%
invitar a salir ASK OUT
20%
invitar a subir ASK UP
20%
pedir hasta (un precio) ASK UP TO
20%
retroceder BACK AWAY
20%
volver atrás BACK OUT
20%
reforzar BACK UP
20%
estar por (un lugar) BE ABOUT
20%
golpearse BEAT UP
20%
estar fuera BE AWAY
20%
estar de vuelta BE BACK
20%
estar a favor de BE FOR
20%
estar en casa BE IN
20%
agacharse BEND DOWN
20%
inclinarse BEND OVER
20%
irse, estar apagado BE OFF
20%
estar encendido BE ON
20%
estar fuera BE OUT
20%
estar acabado BE OVER
20%
estar levantado BE UP
20%
llevarse (el viento)/impresionar BLOW AWAY
20%
derrumbarse por el viento BLOW DOWN
20%
dejar salir (el vapor)/descuidar BLOW OFF
20%
apagar (se) (una llama) BLOW OUT
20%
volar (con explosivos) BLOW UP
20%
Resumir BOIL DOWN
20%
soltarse BREAK AWAY
20%
derruir, averiarse,explicar BREAK DOWN
20%
irrumpir, interrumpir BREAK IN
20%
romper (se) (relaciones) BREAK OFF
20%
estallar (una guerra) BREAK OUT
20%
terminar el curso o una relación BREAK UP
20%
acarrear BRING ABOUT
20%
traer (consigo) BRING ALONG
20%
devolver BRING BACK
20%
derribar, rebajar BRING DOWN
20%
hacer entrar BRING IN
20%
hacer salir, publicar BRING OUT
20%
criar, educar BRING UP
20%
quitar el polvo BRUSH OFF
20%
encontrarse con alguien/Chocarse con BUMP INTO
20%
consumirse (el fuego) BURN AWAY
20%
derrumbarse (por el fuego) BURN DOWN
20%
consumirse (el fuego), para de trabajar, empezar a cansarse BURN OUT
20%
consumirse (por el fuego) BURN UP
20%
interrumpir, quitar la palabra BUTT IN
20%
comprar por o para BUY FOR
20%
sobornar BUY OVER
20%
acaparar BUY UP
20%
Hacer una visita, hacer escala CALL AT
20%
Seguir llamando CALL AWAY
20%
Llamar (a alguien) para que regrese CALL BACK
20%
Llamar (a alguien) para que baje CALL DOWN
20%
Pedir a voces, exigir CALL FOR
20%
Llamar (a alguien) para que entre CALL IN
20%
Suspender/Cancelar CALL OFF
20%
Ir a ver (a alguien)/preguntar CALL ON
20%
Gritar CALL OUT
20%
Pasar lista, enumerar CALL OVER
20%
Telefonear CALL UP
20%
Preocuparse por/Importante algo o alguien CARE ABOUT
20%
Persuadir CARRY ALONG
20%
Llevarse a la fuerza CARRY OFF
20%
Continuar CARRY ON
20%
Llevar a cabo CARRY OUT
20%
Ponerse al día CATCH UP
20%
Ser infiel/Engañar CHEAT ON
20%
Animar a alguien CHEER UP/FOR
20%
Picar/Trocear CHOP UP
20%
Dispersar (se) CLEAR AWAY
20%
Marcharse CLEAR OFF
20%
Marcharse CLEAR OUT
20%
Aclararse (el tiempo,un misterio) CLEAR UP
20%
Cerrar CLOSE DOWN
20%
Acercarse CLOSE UP
20%
Suceder COME ABOUT
20%
Encontrarse con COME ACROSS
20%
Acompañar, venir por (la calle) COME ALONG
20%
Embestir COME AT
20%
Desprenderse COME AWAY
20%
Bajar COME DOWN
20%
Reducirse a/Bajar a COME DOWN TO
20%
Venir por (en busca de) COME FOR
20%
Venir de COME FROM
20%
Entrar COME IN
20%
Desprenderse COME OFF
20%
¡Vamos! (en imperativo) COME ON
20%
Salir COME OUT
20%
Venirse/Pasarse COME OVER
20%
Ascender (una suma), volver en sí. COME TO
20%
Subir COME UP
20%
Acercarse a COME UP TO
20%
Incluir COUNT IN
20%
Contar con/Confiar COUNT ON
20%
Calcular COUNT UP
20%
Contar hasta COUNT UP TO
20%
Pedir llorando CRY FOR
20%
Llorar a gritos CRY OUT
20%
Lamentarse CRY OVER
20%
Llamar a gritos CRY TO
20%
Reducir gastos, talar CUT DOWN
20%
Interrumpir CUT IN
20%
Separar de un tajo CUT OFF
20%
Recortar, omitir CUT OUT
20%
Acortar por un atajo CUT THROUGH
20%
Trinchar, triturar CUT UP
20%
Cesar poco a poco DIE AWAY
20%
Apaciguarse DIE DOWN
20%
Extinguirse DIE OUT
20%
Abrochar DO UP
20%
Pasarse sin (carecer de) DO WITHOUT
20%
Quedarse frito/Dormido DOZE OFF
20%
Alejarse DRAW AWAY
20%
Retroceder DRAW BACK
20%
Bajar DRAW DOWN
20%
Economizar, encoger (se) DRAW IN
20%
Apartarse DRAW OFF
20%
Aproximarse, retirar fondos DRAW ON
20%
Sacar, redactar, alargarse (el día) DRAW OUT
20%
Para (un vehículo) DRAW UP
20%
Vestirse elegente/Ponerse guapo/Disfrazarse DRESS UP
20%
Ahuyentar, alejarse en coche DRIVE AWAY
20%
Rechazar DRIVE BACK
20%
Pasar en coche DRIVE BY
20%
Entrar en coche, introducir DRIVE IN
20%
Alejarse en coche, ahuyentar DRIVE OFF
20%
Salir en coche, expulsar DRIVE OUT
20%
Pasearse sin concretar una hora DROP IN
20%
Dejar a DROP OFF
20%
Dejar algo a medias, abandonar DROP OUT
20%
Erosionar EAT AWAY
20%
Roer EAT INTO
20%
Salir a comer fuera EAT OUT
20%
Devorar EAT UP
20%
Acabar haciendo algo en un lugar que no estaba previsto END UP
20%
Retrasarse/sobrecargado de trabajo FALL BEHIND
20%
Caerse FALL DOWN
20%
Disminuir, desprenderse, caer desde un lugar alto FALL OFF
20%
Enfadarse/reñir/dejar de ser amigos/dejar de hablarse FALL OUT WITH
20%
Tropezar FALL OVER
20%
Ser cancelado FALL THROUGH
20%
Ahuyentar FIGHT OFF
20%
Seguir luchando FIGHT ON
20%
Luchar valerosamente FIGHT UP
20%
Entender/descifrar. FIGURE OUT
20%
Rellenar FILL IN
20%
Sustituir FILL IN FOR
20%
Rellenar, llenar FILL UP
20%
Averiguar, adquirir información FIND OUT
20%
Arreglar (un asunto) FIX UP
20%
Volar de un lado a otro FLY ABOUT
20%
Atacar FLY AT
20%
Huir volando FLY AWAY
20%
Descender FLY DOWN
20%
Desprenderse FLY OFF
20%
Asustarse/Entrar en pánico/ponerse como loco FREAK OUT
20%
Ir de acá para allá GET ABOUT
20%
Hacer progreso/ Tener una buena relación GET ALONG
20%
Evitar GET AROUND
20%
Dar a entender GET AT
20%
Escaparse GET AWAY
20%
Descender GET DOWN
20%
Entrar, meterse GET IN / INTO
20%
Apearse, bajarse, Disfrutar GET OFF
20%
Subirse, progresar GET ON
20%
Producir, salir GET OUT
20%
Salir, apearse GET OUT / OF
20%
Saltar por encima, recobrarse GET OVER
20%
Abrirse camino/Finalizar/Completar GET THROUGH
20%
Llegar a GET TO
20%
Levantarse GET UP
20%
Repartir, denunciar GIVE AWAY
20%
Devolver,devolver el favor GIVE BACK
20%
Ceder GIVE IN
20%
Despedir (humo, olor)/Protejer GIVE OFF
20%
Agotarse, repartir, regalar GIVE OUT
20%
Entregar, rendirse GIVE UP
20%
Ir de un lado para otro, hacer GO ABOUT
20%
Atravesar GO ACROSS
20%
Ir a lo largo de GO ALONG
20%
Atacar GO AT
20%
Marcharse GO AWAY
20%
Pasar por GO BY
20%
Bajar GO DOWN
20%
Entrar GO IN / INTO
20%
Explotar, marcharse/Sonar GO OFF
20%
Continuar GO ON
20%
Salir, pasarse de moda, apagarse GO OUT
20%
Repasar/Revisar GO OVER
20%
Penetrar, sufrir, usar GO THROUGH
20%
Subir GO UP
20%
Acercarse a GO UP TO
20%
Pasarse sin GO WITHOUT
20%
Crecer/Hacerse mayor/Madurar GROW UP
20%
Vagar HANG ABOUT
20%
Retraerse HANG BACK
20%
Quedarse atrás HANG BEHIND
20%
Colgar de HANG FROM
20%
Colgar (el teléfono) HANG OFF
20%
Esperar/Aguantar/Guardar algo/Aferrarse a algo HANG ON
20%
Colgar algo HANG UP
20%
Volver/Regresar HEAD BACK
20%
Calentar HEAT UP
20%
Detener HOLD BACK
20%
Continuar HOLD ON
20%
Darse prisa HOLD OUT
20%
Irse rápidamente HURRY AWAY
20%
Irse rápidamente HURRY OFF
20%
Darse prisa HURRY UP
20%
Dar saltos JUMP ABOUT
20%
Atacar JUMP AT
20%
Bajar de un salto JUMP DOWN
20%
Entrar de un salto JUMP IN
20%
Subir de un salto JUMP ON
20%
Saltar por encima de JUMP OVER
20%
Mantenerse alejado KEEP AWAY
20%
Mantenerse separado KEEP BACK
20%
Controlar KEEP DOWN
20%
Abstenerse KEEP OFF
20%
Mantenerse de pie, resistir KEEP UP
20%
Empezar KICK OFF
20%
Expulsar KICK OUT
20%
Actuar de barbero KISS UP
20%
Golpear acá y allá KNOCK ABOUT
20%
Llamar (a la puerta) KNOCK AT
20%
Derribar KNOCK DOWN
20%
Dejar fuera de combate KNOCK OUT
20%
Arrollar/Atropellar/Derribar/Tirar KNOCK OVER
20%
Despedir/suspender LAY OFF
20%
Ignorar LEAVE OUT
20%
Dejar absuelto/Libre/permitir irse LET OFF
20%
Contar un secreto LET ON
20%
Contar LET OUT
20%
Parar LET UP
20%
Cuidar LOOK AFTER
20%
Mirar atrás LOOK BEHIND
20%
Mirar abajo LOOK DOWN
20%
Buscarv LOOK FOR
20%
Anhelar LOOK FORWARD TO
20%
Mirar dentro LOOK IN
20%
Investigar/Buscar/Evaluar LOOK INTO
20%
Parecer LOOK LIKE
20%
Mirar fuera LOOK OUT
20%
Mirar por encima de/examinar LOOK OVER
20%
Mirar alrededor LOOK ROUND
20%
Mirar arriba, buscar LOOK UP
20%
Besar con lengua MAKE OUT
20%
Renovar MAKE OVER
20%
Inventar/Hacer las paces/Reemplazar/Maquillar MAKE UP
20%
Reunirse MEET UP
20%
Confundir MIX UP
20%
Pasar, no detenerse MOVE ALONG
20%
Alejarse MOVE AWAY
20%
Bajar MOVE DOWN
20%
Mudarse (de domicilio) MOVE IN
20%
Marcharse MOVE OFF
20%
No detenerse, pasar a (otro asunto) MOVE ON
20%
Mudarse (de domicilio) MOVE OUT
20%
Moverse (para dejar sitio) MOVE UP
20%
Meditar/Pensar/Reflexionar MULL OVER
20%
Fallecer PASS AWAY
20%
Pasar por (un sitio), adelantar PASS BY
20%
Entrar PASS IN
20%
Pasar (de mano en mano)/Declinar PASS ON
20%
Devoler dinero PAY BACK
20%
Pagar PAY FOR
20%
Ingresar (dinero) PAY IN
20%
Liquidar (una cuenta), pagar PAY OFF
20%
Pagar (una deuda) PAY UP
20%
Reprender o bullear PICK ON
20%
Seleccionar PICK OUT
20%
Recoger en un vehículo/la compra PICK UP
20%
Comer demasiado PIG OUT
20%
Enfatizar PLAY UP
20%
Enchufar PLUG IN
20%
Señalar POINT AT
20%
Señalar abajo POINT DOWN
20%
Destacar POINT OUT
20%
Señalar POINT TO
20%
Señalar arriba POINT UP
20%
Imprimir PRINT OUT
20%
Derribar PULL DOWN
20%
Arrancar PULL OFF
20%
Sacar PULL OUT
20%
Completar PULL THROUGH
20%
Parar (un vehículo) PULL UP
20%
Poner a un lado/guardar PUT AWAY
20%
Poner en su sitio PUT BACK
20%
Anotar, bajar (algo) PUT DOWN
20%
Meter, instalar, dar PUT IN
20%
Posponer PUT OFF
20%
Ponerse (una prenda), producir PUT ON
20%
Apagar, sacar PUT OUT
20%
Subir (algo), alojarse PUT UP
20%
Soportar PUT UP WITH
20%
Asumir READ INTO
20%
Investigar READ UP
20%
Arrancar/Estafar a alguien/Copiar RIP OFF
20%
Organizarse ROUND UP
20%
Correr de acá para allá RUN ABOUT
20%
Encontrarse con, atravesar corriendo RUN ACROSS
20%
Pararse (un reloj), enfermar RUN DOWN
20%
Entrar corriendo RUN IN
20%
Escapar corriendo RUN OFF
20%
Salir corriendo RUN OUT
20%
Atropellar RUN OVER
20%
Subir corriendo/Acumular RUN UP
20%
Comer rapidamente SCARF DOWN
20%
Indagar SEE ABOUT
20%
Despedir (a alguien) SEE OFF
20%
Encargarse de SEE TO
20%
Agotarse SELL OUT
20%
Despachar SEND ALONG
20%
Bajar (algo) SEND DOWN
20%
Enviar por SEND FOR
20%
Despachar,despedir (trabajadores) SEND OFF
20%
Circular SEND ROUND
20%
Subir (algo) SEND UP
20%
Ponerse (a trabajar) SET ABOUT
20%
Asentar, colocar SET DOWN
20%
Partir (para un viaje) SET OFF
20%
Presumir/Fanfarronear SHOW OFF
20%
Llegar SHOW UP
20%
Encerrar SHUT IN
20%
Callarse, cerrar (una tienda) SHUT UP
20%
Sentarse SIT DOWN
20%
Presentarse (a un examen) SIT FOR
20%
Dormir tarde SLEEP IN
20%
Dormir en casa de un amigo SLEEP OVER
20%
Reducir la velocidad SLOW UP
20%
Solucionar/Resolver SORT OUT
20%
Hablar a favor de SPEAK FOR
20%
Hablar con SPEAK TO
20%
Hablar en alta voz SPEAK UP
20%
Quedarse cerca STAND BY
20%
Representar STAND FOR
20%
Mantenerse alejado STAND OFF
20%
Destacar STAND OUT
20%
Ponerse de pie STAND UP
20%
Hospedarse STAY AT
20%
Permanecer al lado de STAY BY
20%
Quedarse en casa STAY IN
20%
Quedarse fuera de casa STAY OUT
20%
Atravesar STEP ACROSS
20%
Bajar STEP DOWN
20%
Entrar STEP IN
20%
Salir STEP OUT
20%
Subir STEP UP
20%
Acercarse a (alguien) STEP UP TO
20%
Quedarse al lado de STOP BY
20%
Quedarse en casa STOP IN
20%
Empastar (una muela), tapar (una botella) STOP UP
20%
Parecerse TAKE AFTER
20%
Escribir al dictado, bajar (algo) TAKE DOWN
20%
Tomar por (equivocarse) TAKE FOR
20%
Engañar, meter TAKE IN
20%
Quitarse (una prenda), despegar, salir de vacaciones TAKE OFF
20%
Sacar, quitar, retirar TAKE OUT
20%
Conquistar y liderar TAKE OVER
20%
Llevar a TAKE TO
20%
Subir (algo) TAKE UP
20%
Hablar acerca de TALK ABOUT
20%
Hablar de TALK OF
20%
Hablar con TALK TO
20%
Quitar (rasgando) TEAR AWAY
20%
Hacer pedazos (rasgando) TEAR UP
20%
Regañar TELL OFF
20%
Tirar (algo inservible) THROW AWAY
20%
Devolver THROW BACK
20%
Tirar hacia abajo THROW DOWN
20%
Echar fuera THROW OFF
20%
Arrojar THROW OUT
20%
Tirar hacia arriba, vomitar THROW UP
20%
Intercambiar TRADE IN
20%
Probarse una prenda TRY ON
20%
Mirar a otro lado TURN AWAY
20%
Darse la vuelta TURN BACK
20%
Poner boca abajo/Declinar TURN DOWN
20%
Ir a la cama TURN IN
20%
Encender (la luz), abrir (una llave)/sentir atracción TURN ON
20%
Apagar/Resultar TURN OUT
20%
Volcar, poner boca abajo TURN OVER
20%
Llegar/Aparecer TURN UP
20%
Despertarse WAKE UP
20%
Andar de acá para allá WALK ABOUT
20%
Andar por WALK ALONG
20%
Alejarse andando WALK AWAY
20%
Bajar WALK DOWN
20%
Entrar WALK IN
20%
Marcharse WALK OFF
20%
Subir WALK UP
20%
Estar atento/Tener cuidado WATCH OUT
20%
Calcular/Ejercitarse WORK OUT
20%
Trabajar a las órdenes de WORK UNDER
20%
Anotar WRITE DOWN
20%
Abrochar (cremallera) ZIP UP
20%
Arrancar PULL AWAY
0%
No se encontraron pruebas coincidentes
Distribución de puntuación
Porcentaje de gente con cada puntuación
Porcentaje por número respondido
Historial de tus puntuaciones
No has intentado esta prueba.